[Event "ODJM A 2016"]
[Site "Willingen GER"]
[Date "2016.05.16"]
[Round "3"]
[White "Wenninger, Philipp"]
[Black "Ciolek, Andreas"]
[Result "1-0"]
[Termination "normal"]
[Board "1"]
[WhiteElo "2352"]
[BlackElo "2102"]
[WhiteClock "00:02:38"]
[BlackClock "00:00:44"]
[PlyCount "139"]
[WhiteFideId "4648404"]
[BlackFideId "12906727"]
[EventCountry "GER"]
[EventRounds "9"]
[EventType "swiss"]
[EventDate "2016.05.14"]

1. d4 Nf6 2. c4 g6 3. Nc3 Bg7 4. e4 d6 5. f3 O-O 6. Be3 c5 7. Nge2 Nc6 8. d5
Ne5 9. Ng3 h5 10. Be2 h4 11. Nf1 e6 12. Nd2 exd5 13. cxd5 h3 14. g3 a6 15. a4
Bd7 16. O-O b5 17. Qc2 Rb8 18. Ra2 Qc7 19. Rfa1 Rfc8 20. axb5 axb5 21. Ra5 c4
22. Nd1 Rb7 23. Ra8 Qd8 24. R8a7 Rxa7 25. Rxa7 Ra8 26. Rxa8 Qxa8 27. b3 cxb3
28. Qxb3 Qa1 29. Qc3 Qa4 30. Qb3 Qa1 31. Qb1 Qa5 32. Kf1 b4 33. Nb3 Qa4 34. Nd4
Ne8 35. Qb3 Qa1 36. Nc2 Qa8 37. Qxb4 Qd8 38. Nf2 f5 39. f4 Nf7 40. Nd4 Qa8 41.
Ne6 Qa1+ 42. Qe1 Qxe1+ 43. Kxe1 Bc3+ 44. Kf1 Nf6 45. Bd3 Nh6 46. Bd4 Bxd4 47.
Nxd4 fxe4 48. Bxe4 Kf7 49. Nf3 Nhg4 50. Ng5+ Kg7 51. Nxg4 Bxg4 52. Bh1 Bf5 53.
Bf3 Kf8 54. Kf2 Ke7 55. Ke3 Kf8 56. Kd4 Ke7 57. Be2 Kd7 58. Bf1 Ke7 59. Nxh3
Ng4 60. Be2 Nxh2 61. Nf2 Bd7 62. g4 Kf7 63. Ke4 Kf6 64. g5+ Kf7 65. Kd4 Bc8 66.
Ne4 Ke7 67. Nf6 Bf5 68. Ke3 Bh3 69. Kf2 Kf7 70. Kg1 1-0

[Event "ODJM A 2016"]
[Site "Willingen GER"]
[Date "2016.05.16"]
[Round "3"]
[White "Zahn, Benno"]
[Black "Greßmann, Moritz"]
[Result "0-1"]
[Termination "normal"]
[Board "2"]
[WhiteElo "2106"]
[BlackElo "2206"]
[WhiteClock "00:01:24"]
[BlackClock "00:28:55"]
[PlyCount "78"]
[WhiteFideId "24636070"]
[BlackFideId "24695084"]
[EventCountry "GER"]
[EventRounds "9"]
[EventType "swiss"]
[EventDate "2016.05.14"]

1. e4 e5 2. Nf3 Nc6 3. Bb5 a6 4. Bxc6 dxc6 5. O-O Bg4 6. h3 Bh5 7. d3 Bd6 8.
Be3 Nf6 9. Nbd2 h6 10. c4 Qe7 11. Qc2 Nd7 12. d4 exd4 13. Nxd4 Bg6 14. Nf5 Bxf5
15. exf5 O-O-O 16. Rac1 Nc5 17. Bxc5 Bxc5 18. Nf3 Qf6 19. Rcd1 Rhe8 20. a3 Bd4
21. Nxd4 Rxd4 22. Rxd4 Qxd4 23. Rd1 Qe4 24. Qd2 Qxf5 25. Qd4 b6 26. Qxg7 Re2
27. Qd4 Qc2 28. Qh8+ Kb7 29. Rf1 Qxb2 30. Qxh6 Qxa3 31. Qf4 Qe7 32. f3 Rc2 33.
Kh2 Qe6 34. Rc1 Rxc1 35. Qxc1 a5 36. h4 a4 37. g4 Qd6+ 38. Kh3 Qd3 39. Kg3 a3
0-1

[Event "ODJM A 2016"]
[Site "Willingen GER"]
[Date "2016.05.16"]
[Round "3"]
[White "Holtel, Jasper"]
[Black "Müller, Max"]
[Result "1/2-1/2"]
[Termination "normal"]
[Board "3"]
[WhiteTitle "FM"]
[WhiteElo "2269"]
[BlackElo "1960"]
[WhiteClock "00:09:40"]
[BlackClock "00:10:35"]
[PlyCount "61"]
[WhiteFideId "12956376"]
[BlackFideId "12900486"]
[EventCountry "GER"]
[EventRounds "9"]
[EventType "swiss"]
[EventDate "2016.05.14"]

1. e4 c5 2. Nf3 d6 3. d4 cxd4 4. Nxd4 Nf6 5. Nc3 a6 6. h3 e5 7. Nde2 Be6 8. g4
d5 9. g5 Nxe4 10. Nxe4 dxe4 11. Qxd8+ Kxd8 12. Be3 Kc7 13. Bg2 Nc6 14. Bxe4 Rd8
15. h4 Be7 16. Ng3 g6 17. h5 Nb4 18. c4 Nd3+ 19. Bxd3 Rxd3 20. hxg6 fxg6 21.
Ke2 Rd7 22. b3 Bf5 23. Rad1 Rxd1 24. Rxd1 Rd8 25. Rxd8 Kxd8 26. Nxf5 gxf5 27.
f4 e4 28. Kd2 Bb4+ 29. Kc2 Kd7 30. Kb2 a5 31. a3 1/2-1/2

[Event "ODJM A 2016"]
[Site "Willingen GER"]
[Date "2016.05.16"]
[Round "3"]
[White "Meyer, Henrik"]
[Black "Böhning, Kilian"]
[Result "1-0"]
[Termination "normal"]
[Board "4"]
[WhiteElo "2068"]
[BlackElo "2229"]
[WhiteClock "00:28:54"]
[BlackClock "00:41:20"]
[PlyCount "135"]
[WhiteFideId "12958182"]
[BlackFideId "1270499"]
[EventCountry "GER"]
[EventRounds "9"]
[EventType "swiss"]
[EventDate "2016.05.14"]

1. e4 e5 2. Nf3 Nc6 3. Bc4 Be7 4. d4 exd4 5. Nxd4 Nf6 6. Nc3 O-O 7. O-O Ne5 8.
Bb3 d6 9. h3 c5 10. Nf3 Nxf3+ 11. Qxf3 Be6 12. Qd3 Rc8 13. Bd5 c4 14. Qd4 b6
15. Bxe6 fxe6 16. e5 dxe5 17. Qxe5 Rc6 18. Bg5 Qe8 19. Rad1 Kh8 20. Bxf6 gxf6
21. Qd4 Rc7 22. Qe4 Bc5 23. Rfe1 e5 24. Nd5 Rg7 25. Kf1 Qb5 26. Qe2 Bd4 27. Nf4
Rfg8 28. g4 Qc6 29. Qe4 Qxe4 30. Rxe4 f5 31. gxf5 Bxb2 32. Ne6 Rf7 33. Rxc4
Rxf5 34. Rd7 Rh5 35. h4 Bc1 36. Rxa7 Rh6 37. Nc7 Rd6 38. Ra8 Rxa8 39. Nxa8 b5
40. Rc5 Ra6 41. Nc7 Rxa2 42. Nxb5 e4 43. Ke2 Ra6 44. Nd4 Kg7 45. Re5 Kf6 46.
Rxe4 Rd6 47. Kd3 Ba3 48. Rf4+ Kg6 49. Ke4 Bb2 50. Kd3 Bc1 51. Re4 Kh5 52. c4
Ba3 53. c5 Bxc5 54. Re5+ Kxh4 55. Rxc5 Kg4 56. Ke4 Ra6 57. f3+ Kh4 58. f4 Ra4
59. f5 Kg5 60. Ke5 h5 61. f6 Kg6 62. Rc7 Ra5+ 63. Ke6 Ra6+ 64. Nc6 Ra4 65. Ne5+
Kh6 66. f7 Kg7 67. Ke7 Ra8 68. Nd7 1-0

[Event "ODJM A 2016"]
[Site "Willingen GER"]
[Date "2016.05.16"]
[Round "3"]
[White "Hebbering, Tom Elliot"]
[Black "Diller, Daniel"]
[Result "1/2-1/2"]
[Termination "normal"]
[Board "5"]
[WhiteElo "2189"]
[BlackElo "1903"]
[WhiteClock "00:11:56"]
[BlackClock "00:09:58"]
[PlyCount "40"]
[WhiteFideId "12901750"]
[BlackFideId "12908983"]
[EventCountry "GER"]
[EventRounds "9"]
[EventType "swiss"]
[EventDate "2016.05.14"]

1. d4 e6 2. c4 Nf6 3. g3 Bb4+ 4. Bd2 a5 5. Bg2 d5 6. Nf3 dxc4 7. Bxb4 axb4 8.
Ne5 O-O 9. O-O Nc6 10. Nxc6 bxc6 11. Bxc6 Ra5 12. Bf3 Ba6 13. Qd2 Qd6 14. Rd1
Rd8 15. e3 Qb6 16. Qc1 Ne8 17. Nd2 Nd6 18. a3 b3 19. Nb1 Bb7 20. Bxb7 Qxb7
1/2-1/2

[Event "ODJM A 2016"]
[Site "Willingen GER"]
[Date "2016.05.16"]
[Round "3"]
[White "Quante, Lennart"]
[Black "Pluska, Alexander"]
[Result "0-1"]
[Termination "normal"]
[Board "6"]
[WhiteElo "2062"]
[BlackElo "2158"]
[WhiteClock "00:23:27"]
[BlackClock "00:04:45"]
[PlyCount "44"]
[WhiteFideId "12979627"]
[BlackFideId "12975141"]
[EventCountry "GER"]
[EventRounds "9"]
[EventType "swiss"]
[EventDate "2016.05.14"]

1. d4 Nf6 2. c4 e6 3. Nc3 Bb4 4. Qc2 O-O 5. Nf3 d5 6. cxd5 exd5 7. Bg5 h6 8.
Bh4 c5 9. e3 Nc6 10. Be2 Bg4 11. Rd1 Bxf3 12. Bxf3 cxd4 13. exd4 Re8+ 14. Be2
Qe7 15. a3 Bxc3+ 16. bxc3 g5 17. Bg3 Ne4 18. Rd3 Rac8 19. f3 Nxd4 20. Rxd4 Nxc3
21. Rd2 Nxe2 22. Rxe2 Rxc2 0-1

[Event "ODJM A 2016"]
[Site "Willingen GER"]
[Date "2016.05.16"]
[Round "3"]
[White "Syrov, Arkadi"]
[Black "Terhuven, Patrick"]
[Result "1/2-1/2"]
[Termination "normal"]
[Board "7"]
[WhiteElo "2114"]
[BlackElo "2125"]
[WhiteClock "00:14:14"]
[BlackClock "00:07:45"]
[PlyCount "116"]
[WhiteFideId "12942448"]
[BlackFideId "12919098"]
[EventCountry "GER"]
[EventRounds "9"]
[EventType "swiss"]
[EventDate "2016.05.14"]

1. e4 e5 2. Nf3 Nc6 3. Bb5 a6 4. Ba4 Nf6 5. O-O Be7 6. d3 b5 7. Bb3 d6 8. a3
O-O 9. Nc3 Bg4 10. Be3 Nd4 11. Bxd4 exd4 12. Ne2 c5 13. Ng3 Nh5 14. Nxh5 Bxh5
15. Bd5 Rb8 16. a4 b4 17. h3 Bxf3 18. Qxf3 g6 19. Qe2 Kg7 20. g4 a5 21. f4 g5
22. fxg5 Bxg5 23. Rf5 f6 24. Raf1 Qe8 25. Qh2 Rd8 26. h4 Be3+ 27. Kh1 h6 28. g5
hxg5 29. h5 Qe7 30. h6+ Kh7 31. Qh5 Qe8 32. Qxe8 Rdxe8 33. Rxf6 Bf4 34. Bf7 Kh8
35. R6xf4 gxf4 36. Bxe8 Rxe8 37. Rxf4 Re6 38. Rf8+ Kh7 39. Rf7+ Kxh6 40. Ra7
Rf6 41. Kg2 Rg6+ 42. Kf2 Rf6+ 43. Ke2 Rg6 44. b3 Kg5 45. Rxa5 Kf4 46. Ra8 Rg2+
47. Kd1 Ke3 48. Kc1 c4 49. bxc4 b3 50. Rb8 Rxc2+ 51. Kb1 Kxd3 52. Rxb3+ Kd2 53.
Rb2 d3 54. a5 Rxb2+ 55. Kxb2 Ke3 56. a6 d2 57. a7 d1=Q 58. a8=Q Qd4+ 1/2-1/2

[Event "ODJM A 2016"]
[Site "Willingen GER"]
[Date "2016.05.16"]
[Round "3"]
[White "Knudsen, Simon"]
[Black "Reuker, Jari"]
[Result "0-1"]
[Termination "normal"]
[Board "8"]
[WhiteElo "1907"]
[BlackElo "2081"]
[WhiteClock "01:01:48"]
[BlackClock "00:06:32"]
[PlyCount "134"]
[WhiteFideId "12985546"]
[BlackFideId "12909300"]
[EventCountry "GER"]
[EventRounds "9"]
[EventType "swiss"]
[EventDate "2016.05.14"]

1. e4 c5 2. Nf3 e6 3. d4 cxd4 4. Nxd4 a6 5. c4 Nf6 6. Nc3 Qc7 7. a3 b6 8. g3
Bb7 9. Bg2 d6 10. Be3 Nbd7 11. O-O Be7 12. Rc1 O-O 13. Qe2 Rac8 14. b3 Qb8 15.
Rfd1 Rfe8 16. f3 d5 17. cxd5 exd5 18. b4 Bf8 19. Nxd5 Bxd5 20. Rxc8 Qxc8 21.
exd5 Nxd5 22. Rd3 Ne5 23. Rb3 Nc4 24. Nc2 a5 25. Bh3 Qc7 26. Bf5 Ncxe3 27. Nxe3
Qc1+ 28. Qf1 Qxf1+ 29. Nxf1 axb4 30. axb4 Bxb4 31. Be4 Bc5+ 32. Kg2 Nc7 33. Ne3
Bxe3 34. Rxe3 Kf8 35. Rc3 Ne6 36. Rc6 Rb8 37. Bd5 Ke7 38. Rc2 Kd6 39. Be4 Nc5
40. Rd2+ Ke7 41. Bb1 h6 42. Kf2 Rd8 43. Rb2 Rd6 44. Ke3 Kd7 45. Ra2 Kc6 46. Ra7
Rd7 47. Ra8 f6 48. h4 Kb5 49. h5 Kc4 50. Bf5 Re7+ 51. Kd2 Nb3+ 52. Kd1 Nd4 53.
Be4 Rd7 54. Rc8+ Kb3 55. Ke1 b5 56. g4 b4 57. Kf2 Ka3 58. Ke3 Ne6 59. Bf5 Re7
60. Kd3 Kb3 61. Be4 Nc7 62. Kd4 Nb5+ 63. Kc5 Nc3 64. Bf5 Re5+ 65. Kd4 Nb5+ 66.
Kd3 Nd6 67. f4 Rxf5 0-1

[Event "ODJM A 2016"]
[Site "Willingen GER"]
[Date "2016.05.16"]
[Round "3"]
[White "Meißner, Felix"]
[Black "Schimnatkowski, Lukas"]
[Result "1-0"]
[Termination "normal"]
[Board "9"]
[WhiteTitle "FM"]
[WhiteElo "2287"]
[BlackElo "1978"]
[PlyCount "53"]
[WhiteFideId "24671827"]
[BlackFideId "12936723"]
[EventCountry "GER"]
[EventRounds "9"]
[EventType "swiss"]
[EventDate "2016.05.14"]

1. Nc3 b6 2. e4 Bb7 3. d4 d5 4. exd5 Nf6 5. Bb5+ Nbd7 6. Nf3 g6 7. Ne5 Bg7 8.
Nc6 Bxc6 9. Bxc6 Rb8 10. Bf4 a6 11. a4 O-O 12. h3 Ne8 13. Ne4 Nd6 14. Nxd6 exd6
15. O-O Nf6 16. c3 Kh8 17. Qd3 a5 18. Bg5 h6 19. Bh4 g5 20. Bg3 Ng8 21. f4 Ne7
22. fxg5 hxg5 23. Bb5 Nxd5 24. Rf5 Nf4 25. Bxf4 gxf4 26. Rh5+ Kg8 27. Qh7# 1-0

[Event "ODJM A 2016"]
[Site "Willingen GER"]
[Date "2016.05.16"]
[Round "3"]
[White "Xu, Xianliang"]
[Black "Garbuz, Vitaliy"]
[Result "1-0"]
[Termination "normal"]
[Board "10"]
[WhiteTitle "FM"]
[WhiteElo "2273"]
[BlackElo "1917"]
[PlyCount "83"]
[WhiteFideId "4603230"]
[BlackFideId "12990710"]
[EventCountry "GER"]
[EventRounds "9"]
[EventType "swiss"]
[EventDate "2016.05.14"]

1. e4 e5 2. d4 exd4 3. c3 d5 4. exd5 Qxd5 5. Nf3 Bg4 6. Be2 Nc6 7. cxd4 Bb4+ 8.
Nc3 Bxf3 9. Bxf3 Qc4 10. Bxc6+ bxc6 11. Qe2+ Qxe2+ 12. Kxe2 O-O-O 13. Be3 Nf6
14. Kf3 Nd5 15. Nxd5 Rxd5 16. g3 Ba5 17. Rac1 Kb7 18. Rc4 Rhd8 19. Rhc1 R8d6
20. Bf4 Rf6 21. Ke4 Re6+ 22. Kd3 g5 23. Be3 Bb6 24. b4 Red6 25. a4 a6 26. Rb1
Kc8 27. f3 h6 28. Rh1 Kd7 29. h3 c5 30. a5 Ba7 31. Rhc1 cxd4 32. Rxc7+ Ke6 33.
Bd2 Rd7 34. Be1 R5d6 35. Bf2 Kd5 36. R1c4 Ke6 37. R4c6 Bb8 38. Rxd6+ Rxd6 39.
Rb7 Rd8 40. Rb6+ Kd5 41. Rxa6 Bd6 42. Rb6 1-0

[Event "ODJM A 2016"]
[Site "Willingen GER"]
[Date "2016.05.16"]
[Round "3"]
[White "Ramien, David"]
[Black "Steffens, Oliver"]
[Result "1-0"]
[Termination "normal"]
[Board "12"]
[WhiteElo "2107"]
[BlackElo "1814"]
[PlyCount "157"]
[WhiteFideId "12948241"]
[BlackFideId "12947148"]
[EventCountry "GER"]
[EventRounds "9"]
[EventType "swiss"]
[EventDate "2016.05.14"]

1. Nf3 d5 2. g3 Nf6 3. Bg2 Bf5 4. O-O h6 5. b3 e6 6. Bb2 Bd6 7. c4 c6 8. d3 O-O
9. Nbd2 Nbd7 10. Re1 e5 11. cxd5 cxd5 12. e4 dxe4 13. dxe4 Bh7 14. Qe2 Qe7 15.
Nh4 Ba3 16. Bxa3 Qxa3 17. Nc4 Qc5 18. Nf5 b5 19. Nce3 Rac8 20. b4 Qxb4 21. Rab1
Qc5 22. Rxb5 Qa3 23. Nc2 Qxa2 24. Ne7+ Kh8 25. Nxc8 Rxc8 26. Nd4 Qa4 27. Nb3 a6
28. Rb7 Qc6 29. Ra7 Rb8 30. Rxa6 Qc3 31. Nd2 Rb2 32. Rd6 Qb4 33. Qd3 Nc5 34.
Rd8+ Bg8 35. Qd6 Qa5 36. Rd1 Qa4 37. Nf1 Nb7 38. Qxe5 Nxd8 39. Rxd8 Qa2 40. Qf5
Qb1 41. Qf4 Rb4 42. Qd6 Rb6 43. Qc7 Rb7 44. Qc4 Re7 45. Qc5 Re8 46. Rxe8 Nxe8
47. e5 Qb8 48. Bh3 Nc7 49. f4 Ne6 50. Qe3 Qb4 51. f5 Ng5 52. Bg2 Qg4 53. h4 Nh7
54. Qe4 Qxe4 55. Bxe4 Nf8 56. Ne3 g6 57. g4 g5 58. hxg5 hxg5 59. Kf2 Nd7 60.
Nc4 Kg7 61. Ke3 Kf8 62. Kd4 Ke7 63. f6+ Kd8 64. Nd2 Nf8 65. Nf3 Ne6+ 66. Kd5
Kc7 67. Bf5 Nf4+ 68. Kc5 Nh3 69. Nd4 Nf4 70. Nb5+ Kd8 71. Nc3 Ng6 72. Bxg6 fxg6
73. Kd6 Bc4 74. e6 Ke8 75. Ne4 Be2 76. Nxg5 Bxg4 77. f7+ Kf8 78. e7+ Kg7 79.
f8=Q# 1-0

[Event "ODJM A 2016"]
[Site "Willingen GER"]
[Date "2016.05.16"]
[Round "3"]
[White "Beesk, Kevin"]
[Black "Buhr, Patrick"]
[Result "1-0"]
[Termination "normal"]
[Board "13"]
[WhiteElo "1961"]
[BlackElo "1744"]
[PlyCount "107"]
[WhiteFideId "1271882"]
[BlackFideId "16206436"]
[EventCountry "GER"]
[EventRounds "9"]
[EventType "swiss"]
[EventDate "2016.05.14"]

1. e4 Nf6 2. e5 Nd5 3. d4 d6 4. Nf3 Nc6 5. Be2 Bg4 6. exd6 exd6 7. c4 Nb6 8. b3
g6 9. Be3 Bg7 10. Nc3 Qe7 11. O-O O-O-O 12. Qd2 Rhe8 13. Rab1 h5 14. Rfc1 Kb8
15. h3 Bf5 16. Bd3 Bxd3 17. Qxd3 f5 18. b4 d5 19. c5 Nc4 20. Nxd5 Rxd5 21. Qxc4
Red8 22. Re1 Qf8 23. b5 Nxd4 24. Nxd4 Bxd4 25. Bxd4 Rxd4 26. Qc3 Rd3 27. Qc4
Qg8 28. Qxg8 Rxg8 29. b6 Rd7 30. Rb3 cxb6 31. cxb6 a6 32. Rbe3 Kc8 33. a4 Kd8
34. a5 Rf7 35. Rc1 Rd7 36. Kh2 Rgg7 37. h4 Rge7 38. Rec3 Re5 39. Rc8+ Ke7 40.
R1c7 Rxa5 41. Rg8 Rad5 42. Rg7+ Ke6 43. Rxb7 Rxb7 44. Rxb7 Rb5 45. Rg7 Kd6 46.
Rxg6+ Kc5 47. b7 a5 48. Ra6 Kb4 49. Ra7 a4 50. f3 Kb3 51. g4 fxg4 52. fxg4 hxg4
53. Kg3 a3 54. h5 1-0

[Event "ODJM A 2016"]
[Site "Willingen GER"]
[Date "2016.05.16"]
[Round "3"]
[White "Wagner, Robert"]
[Black "Weber, Jannis"]
[Result "0-1"]
[Termination "normal"]
[Board "14"]
[WhiteElo "2009"]
[BlackElo "1865"]
[PlyCount "64"]
[WhiteFideId "24656879"]
[BlackFideId "12990760"]
[EventCountry "GER"]
[EventRounds "9"]
[EventType "swiss"]
[EventDate "2016.05.14"]

1. d4 Nf6 2. c4 g6 3. f3 d5 4. cxd5 Nxd5 5. e4 Nb6 6. Nc3 Bg7 7. Be3 O-O 8. Qd2
e5 9. d5 c6 10. O-O-O cxd5 11. exd5 Bd7 12. Bd3 Na6 13. Nge2 Rc8 14. Kb1 Nb4
15. Bxb6 Qxb6 16. Bc2 Nxc2 17. Kxc2 Bf5+ 18. Kc1 e4 19. fxe4 Bxe4 20. Ng3 Bxg2
21. Rhe1 Bf3 22. Qe3 Qxe3+ 23. Rxe3 Bh6 24. Rde1 Bxe3+ 25. Rxe3 Bxd5 26. Kd2
Rfd8 27. Ke2 Bc4+ 28. Ke1 Re8 29. Nge4 Re6 30. Kf2 Rce8 31. Nd6 Rxe3 32. Nxc4
Rxc3 0-1

[Event "ODJM A 2016"]
[Site "Willingen GER"]
[Date "2016.05.16"]
[Round "3"]
[White "Lüßmann, Thomas"]
[Black "Hesse, Henrik"]
[Result "1-0"]
[Termination "normal"]
[Board "15"]
[WhiteElo "1915"]
[BlackElo "1922"]
[PlyCount "123"]
[WhiteFideId "1270602"]
[BlackFideId "12952060"]
[EventCountry "GER"]
[EventRounds "9"]
[EventType "swiss"]
[EventDate "2016.05.14"]

1. d4 d5 2. c4 e6 3. Nc3 Nf6 4. cxd5 exd5 5. Bg5 c6 6. Qc2 Bd6 7. e3 h6 8. Bh4
O-O 9. Bd3 Re8 10. Nge2 Nbd7 11. a3 a5 12. Bg3 Nf8 13. O-O N8h7 14. Na4 Bxg3
15. hxg3 Ng5 16. b4 b5 17. Nc5 Nd7 18. a4 Qb6 19. axb5 cxb5 20. Nc3 Nf6 21.
Bxb5 Rf8 22. Rfb1 Bg4 23. Qa2 axb4 24. Qxa8 Rxa8 25. Rxa8+ Kh7 26. Rxb4 Qd6 27.
Bd3+ g6 28. Ra6 Qd8 29. Rb7 Kg7 30. f4 Nge4 31. Bxe4 Nxe4 32. N3xe4 Bc8 33. Ra8
Qe8 34. Rbb8 dxe4 35. Rxc8 Qb5 36. Rg8+ Kh7 37. Rh8+ Kg7 38. Rag8+ Kf6 39.
Nxe4+ Ke6 40. Re8+ Kd7 41. Rd8+ Kc7 42. Rc8+ Kd7 43. Rhd8+ Ke7 44. Re8+ Kd7 45.
Nc5+ Kd6 46. Rb8 Qe2 47. Ne4+ Kc6 48. Rec8+ Kd7 49. Nc5+ Kd6 50. e4 Qd1+ 51.
Kf2 Qxd4+ 52. Ke2 Qc4+ 53. Ke3 Qc1+ 54. Kd4 Qg1+ 55. Kc4 Qc1+ 56. Kb5 Qb2+ 57.
Ka6 Qa3+ 58. Kb7 Qb4+ 59. Ka7 Qa3+ 60. Na6 Qxg3 61. Rb6+ Kd7 62. Rc7+ 1-0

[Event "ODJM A 2016"]
[Site "Willingen GER"]
[Date "2016.05.16"]
[Round "3"]
[White "Hartmann, Jakob"]
[Black "Grohmann, Alexander"]
[Result "1/2-1/2"]
[Termination "normal"]
[Board "16"]
[WhiteElo "1983"]
[BlackElo "1801"]
[PlyCount "47"]
[WhiteFideId "12918067"]
[BlackFideId "12947679"]
[EventCountry "GER"]
[EventRounds "9"]
[EventType "swiss"]
[EventDate "2016.05.14"]

1. e4 c5 2. Nf3 e6 3. d4 cxd4 4. Nxd4 Nf6 5. Nc3 d6 6. g4 h6 7. h4 a6 8. Rg1 e5
9. Nf5 Nc6 10. Bc4 Na5 11. Bd5 Nxd5 12. Nxd5 Nc4 13. Nfe3 Nb6 14. Nxb6 Qxb6 15.
Nd5 Qc6 16. Rg3 Qc4 17. Be3 Rb8 18. Qd2 Be6 19. O-O-O Bxd5 20. Qxd5 Rc8 21. c3
Qxd5 22. Rxd5 Be7 23. Rh3 Rc4 24. f3 1/2-1/2

[Event "ODJM A 2016"]
[Site "Willingen GER"]
[Date "2016.05.16"]
[Round "3"]
[White "Richter, Nils"]
[Black "Küppers, Timo"]
[Result "1/2-1/2"]
[Termination "normal"]
[Board "17"]
[WhiteElo "1826"]
[BlackElo "1894"]
[PlyCount "79"]
[WhiteFideId "12990809"]
[BlackFideId "16205820"]
[EventCountry "GER"]
[EventRounds "9"]
[EventType "swiss"]
[EventDate "2016.05.14"]

1. e4 c5 2. Nf3 d6 3. d4 cxd4 4. Nxd4 Nf6 5. Nc3 g6 6. Be3 Bg7 7. f3 a6 8. Qd2
Nbd7 9. g4 b5 10. a4 bxa4 11. Nxa4 Bb7 12. c4 O-O 13. h4 Ne5 14. Be2 Rc8 15. b3
Nexg4 16. fxg4 Nxe4 17. Qb4 Nc5 18. Rh3 e5 19. Nc2 Rb8 20. Bxc5 dxc5 21. Qd2
Qe7 22. Rd1 Be4 23. Qc3 f5 24. Ne3 f4 25. Nd5 Bxd5 26. cxd5 e4 27. Qxc5 Qf6 28.
Nc3 Qe5 29. Bc4 Kh8 30. h5 gxh5 31. gxh5 f3 32. Na4 e3 33. d6 e2 34. Qxe5
exd1=Q+ 35. Kxd1 Bxe5 36. d7 Rbd8 37. Nc5 f2 38. Rh1 Bd6 39. Ne6 Rg8 40. Nxd8
1/2-1/2

[Event "ODJM A 2016"]
[Site "Willingen GER"]
[Date "2016.05.16"]
[Round "3"]
[White "Wanner, Lukas"]
[Black "Kornitzky, Tino"]
[Result "0-1"]
[Termination "normal"]
[Board "18"]
[WhiteElo "2004"]
[BlackElo "1812"]
[PlyCount "74"]
[WhiteFideId "12918148"]
[BlackFideId "12970379"]
[EventCountry "GER"]
[EventRounds "9"]
[EventType "swiss"]
[EventDate "2016.05.14"]

1. c4 e6 2. g3 d5 3. Nf3 Nf6 4. b3 d4 5. e3 c5 6. exd4 cxd4 7. Bg2 Nc6 8. O-O
Bd6 9. Na3 O-O 10. d3 e5 11. Nc2 Bg4 12. h3 Bh5 13. a3 a5 14. Bd2 Bg6 15. Bg5
h6 16. Bxf6 Qxf6 17. Qd2 Rad8 18. b4 e4 19. Nfe1 Ne5 20. f4 Nxd3 21. Nxd3 exd3
22. Ne1 Rfe8 23. c5 Re2 24. Qd1 Bc7 25. Bxb7 Qe6 26. Bg2 Qe3+ 27. Kh2 Be4 28.
Qb3 Bd5 29. Qd1 d2 30. Qxe2 Qxe2 31. Nf3 Bxf3 32. Rxf3 d1=Q 33. Rxd1 Qxd1 34.
b5 Qb1 35. b6 Bxb6 36. cxb6 Qxb6 37. Rb3 Qxb3 0-1

[Event "ODJM A 2016"]
[Site "Willingen GER"]
[Date "2016.05.16"]
[Round "3"]
[White "Bethke, Robert"]
[Black "Bösel, Alexander"]
[Result "1/2-1/2"]
[Termination "normal"]
[Board "19"]
[WhiteElo "1713"]
[BlackElo "1992"]
[PlyCount "54"]
[WhiteFideId "12959251"]
[BlackFideId "4623185"]
[EventCountry "GER"]
[EventRounds "9"]
[EventType "swiss"]
[EventDate "2016.05.14"]

1. c4 e6 2. Nc3 Nf6 3. Nf3 b6 4. g3 Bb7 5. Bg2 Bb4 6. O-O O-O 7. a3 Be7 8. d4
d6 9. b4 Nbd7 10. Bb2 Ne4 11. Qc2 Nxc3 12. Qxc3 f5 13. Rac1 Be4 14. e3 Bf6 15.
Qb3 Qe7 16. Rfd1 c5 17. Rd2 cxb4 18. axb4 Rfc8 19. Ne1 Bxg2 20. Nxg2 Rc7 21.
Rdc2 Kh8 22. Nf4 Bg5 23. c5 Bxf4 24. cxd6 Bxd6 25. Rxc7 Bxc7 26. Rxc7 Qd6 27.
Qc3 h6 1/2-1/2

[Event "ODJM A 2016"]
[Site "Willingen GER"]
[Date "2016.05.16"]
[Round "3"]
[White "Visvikis, Christos"]
[Black "Huber, Marinus"]
[Result "1-0"]
[Termination "normal"]
[Board "20"]
[WhiteElo "1894"]
[BlackElo "1639"]
[PlyCount "67"]
[WhiteFideId "12967955"]
[BlackFideId "12979856"]
[EventCountry "GER"]
[EventRounds "9"]
[EventType "swiss"]
[EventDate "2016.05.14"]

1. e4 d5 2. exd5 Qxd5 3. Nc3 Qd8 4. d4 Nf6 5. Nf3 Bg4 6. h3 Bxf3 7. Qxf3 c6 8.
Be3 e6 9. Bd3 Be7 10. O-O-O Nbd7 11. Kb1 Nd5 12. Nxd5 cxd5 13. g4 Bd6 14. h4
Qc7 15. Rhe1 O-O-O 16. Qxf7 Nf8 17. Qf3 Kb8 18. h5 Qb6 19. c3 Rc8 20. Bf4 Rc6
21. Bc2 Ka8 22. Ba4 Rc8 23. Bg5 Qa5 24. Bb3 g6 25. Qf6 Rg8 26. Qf7 Rh8 27. Qg7
Nd7 28. Qxd7 Bb8 29. Rxe6 h6 30. Bf6 Rhg8 31. Qxd5 Qxd5 32. Bxd5 Rge8 33. Rxe8
Rxe8 34. Bf7 1-0

[Event "ODJM A 2016"]
[Site "Willingen GER"]
[Date "2016.05.16"]
[Round "3"]
[White "Aengenheister, Dennis"]
[Black "Marx, Joschka"]
[Result "0-1"]
[Termination "normal"]
[Board "21"]
[WhiteElo "1749"]
[BlackElo "2039"]
[PlyCount "60"]
[WhiteFideId "16225490"]
[BlackFideId "24645869"]
[EventCountry "GER"]
[EventRounds "9"]
[EventType "swiss"]
[EventDate "2016.05.14"]

1. f4 Nf6 2. Nf3 d5 3. g3 g6 4. Bg2 Bg7 5. O-O O-O 6. d3 c5 7. Nc3 Nc6 8. e4 e6
9. Rb1 d4 10. Na4 b6 11. c4 dxc3 12. bxc3 Ba6 13. Ne1 Rc8 14. Rf2 Nd7 15. Be3
Qe7 16. d4 Na5 17. Nb2 cxd4 18. cxd4 Qa3 19. Ned3 Rc3 20. Bf1 Nc4 21. Nxc4 Bxc4
22. Rd2 Nf6 23. Rc2 Rxd3 24. Bxd3 Bxd3 25. Rb3 Bxc2 26. Qxc2 Qa6 27. h3 Qb7 28.
e5 Nd5 29. Bd2 Rc8 30. Qd3 Qc6 0-1

[Event "ODJM A 2016"]
[Site "Willingen GER"]
[Date "2016.05.16"]
[Round "3"]
[White "Lutter, Maximilian"]
[Black "Krauße, Sandro"]
[Result "1/2-1/2"]
[Termination "normal"]
[Board "22"]
[WhiteElo "1896"]
[BlackElo "1734"]
[PlyCount "77"]
[WhiteFideId "12934402"]
[BlackFideId "12953733"]
[EventCountry "GER"]
[EventRounds "9"]
[EventType "swiss"]
[EventDate "2016.05.14"]

1. Nc3 d5 2. e4 e6 3. d4 Bb4 4. exd5 exd5 5. Bd3 Nf6 6. Nge2 O-O 7. O-O c6 8.
Ng3 Bg4 9. f3 Be6 10. Nce2 Re8 11. Bf4 Bd6 12. c3 Bxf4 13. Nxf4 Nbd7 14. Qd2
Nf8 15. Rae1 Qc7 16. Nxe6 Nxe6 17. f4 Nf8 18. f5 Rxe1 19. Rxe1 Qd7 20. Re2 Re8
21. Qe1 Rxe2 22. Qxe2 Qe8 23. Qxe8 Nxe8 24. Kf2 Nd7 25. Ke3 Nd6 26. b3 b5 27.
Kf4 f6 28. Nf1 Kf7 29. g4 h6 30. h4 a6 31. Nd2 Nb6 32. Nf3 a5 33. g5 hxg5+ 34.
hxg5 a4 35. Bc2 axb3 36. axb3 Nd7 37. Ne5+ fxe5+ 38. dxe5 Nxf5 39. g6+ 1/2-1/2